000 00839nmc a2200301 a 4500
003 AR-Y00000XR
005 20251128211900.0
008 097020s2003 ||||||||||||||000 | spa||
020 _a987-9028-40-6
040 _cAR-Y00000XR
245 1 0 _aTerritorios y organización social de la agricultura
260 _aBuenos Aires
_bEditorial La colmena
_c2003
300 0 _a164 p.
490 0 _aCuaderno GESA
_v4
650 4 _aPRODUCCION AGRICOLA
650 4 _aTRABAJADORES AGRICOLAS
650 4 _aORGANIZACION DEL TRABAJO
650 4 _aAGRICULTURA
650 4 _aAGRICULTORES
650 4 _aEXPLOTACION AGRICOLA
650 4 _aINDUSTRIA AGRICOLA
651 4 _aArgentina
651 4 _aPatagonia
700 1 _aBendini, Mónica
_ecoordinador
700 1 _aSteimbreger, Norma
_ecoordinador
942 _cBK
998 _cme-solo cat
999 _c21460
_d21460